000 00903 a2200217 4500
005 20080924165254.0
008 080924t xxu||||| |||| 00| 0 eng d
010 _aENG-87856
020 _a8189915630
_c850.00
035 _aEN-71389
037 _bD.B.Act / Pub
082 _a332.6019
100 _aNagpal, Sushant
245 _aPsychology of investments and investor's preferences
_cby Sushant Nagpal
260 _aNew Delhi
_bRegal Publications
_c2007
270 _aF-159, Rajouri Garden
_bNew Delhi
_e110 027
_k011-45546396
_mregalbookspub@yahoo.com
300 _axvi, 284 p.
_c23 cm. (Hb.)
500 _aIncludes bibliograpgical references and index
942 _adpl
_cEN
_k332.6019 / NAG
_2ddc
_h332.6019
_mNAG
999 _c7194
_d7194